Windows, Word, Excel : σύστημα εκμάθησης με τη βοήθεια του PC.

Αποθηκεύτηκε σε:
Λεπτομέρειες βιβλιογραφικής εγγραφής
Άλλοι συγγραφείς: Λεκκός, Χάρης, Τζεβελέκος, Γιάννης
Μορφή: Βιβλίο
Γλώσσα:Greek
Δημοσίευση: Αθήνα : Δημοσιογραφικός Οργανισμός Λαμπράκη, 2004.
Σειρά:Τα κόκκινα βιβλία RAM
Θέματα:
Ετικέτες: Προσθήκη ετικέτας
Δεν υπάρχουν, Καταχωρήστε ετικέτα πρώτοι!

MARC

LEADER 00000cam a2200000 i 4500
001 1/44477
008 070517s2004 gr | ||| |||| ||gre||
035 |l 10087868 
040 |a GR-MyUA  |b gre  |e AACR2 
041 0 |a gre 
082 0 |a 005.369  |2 (21) 
245 1 0 |a Windows, Word, Excel :   |b σύστημα εκμάθησης με τη βοήθεια του PC.  
260 |a Αθήνα :   |b Δημοσιογραφικός Οργανισμός Λαμπράκη,   |c 2004.  
300 |a 162 σ. :   |b εγχρ. εικ. ;   |c 25,5 εκ. +   |e 2 οπτικές δισκέτες λέιζερ H/Y (4 3/4 ιν.).  
490 1 |a (Τα κόκκινα βιβλία RAM)  
630 0 0 |a Microsoft Word. 
630 0 0 |a Microsoft Excel (Computer file) 
650 0 0 |a Microsoft software. 
650 0 0 |a Windows (Computer programs)  |x Handbooks, manuals, etc. 
700 1 |a Λεκκός, Χάρης. 
700 1 |a Τζεβελέκος, Γιάννης. 
830 0 |a Τα κόκκινα βιβλία RAM 
852 |a INST  |b LESVOS  |e 20070704  |h 005.52 WIN  |p 005100037247  |q 005100037247  |t BK  |y 0 
852 |a INST  |b SAMOS  |e 20070517  |h 005.369 ΛΕΚ  |p 005300026002  |q 005300026002  |t BK  |y 0 
901 |a BIBL3-2007-2 
901 |a BIBL1-2007-2 
909 |a Σ  |b 124947 
909 |a Λ  |b 132656 
970 |a ΒΛΑΧΟΥ  |b ΒΑΣΙΛΙΚΗ  |z 2007/05/17